Abraham Lincoln and the union ; a chronicle of the embattled North /

Bibliographic Details
Main Author: Stephenson, Nathaniel W. (Nathaniel Wright), 1867-1935
Format: Book
Language:English
Published: New Haven : Yale University Press, 1918.
Series:Chronicles of America series ; v. 29.
Subjects:

MARC

Tag First Indicator Second Indicator Subfields
LEADER 00000cam a2200000 4500
001 in00000242583
005 20151010050957.0
008 790320s1918 ctuacf 00110 engmd
010 |a  18016733  
035 |a (OCoLC)04757577 
035 |9 ABB3431AM 
040 |a DLC  |c BTS  |d BTS  |d TXA  |d UtOrBLW 
049 |a TXAM  |c [12935] 
090 |a E173  |b .C55 v. 29 
100 1 |a Stephenson, Nathaniel W.  |q (Nathaniel Wright),  |d 1867-1935. 
245 1 0 |a Abraham Lincoln and the union ;  |b a chronicle of the embattled North /  |c by Nathaniel W. Stephenson. 
264 1 |a New Haven :  |b Yale University Press,  |c 1918. 
300 |a xiv, 272 pages :  |b frontispiece, plate, portraits, double facsimiles ;  |c 21 cm. 
336 |a text  |b txt  |2 rdacontent 
337 |a unmediated  |b n  |2 rdamedia 
338 |a volume  |b nc  |2 rdacarrier 
490 1 |a The Chronicles of America series, Allen Johnson, editor, v. 29 
500 |a Each plate accompanied by guard sheet with descriptive letterpress. 
500 |a "Abraham Lincoln edition." 
504 |a "Bibliographical note": pages 261-264. 
600 1 0 |a Lincoln, Abraham,  |d 1809-1865. 
651 0 |a United States  |x History  |y Civil War, 1861-1865. 
651 0 |a United States  |x Politics and government  |y 1861-1865. 
651 0 |a United States  |x Politics and government  |y 1849-1861. 
830 0 |a Chronicles of America series ;  |v v. 29. 
999 |a MARS 
999 f f |s d8478aff-4743-37f7-ae18-c1227101a7be  |i d0477a4e-e9ce-3ed8-b0bf-c8ea5719f24f  |t 0 
952 f f |p ric  |a Texas A&M University  |b Rellis Campus  |c Joint Library Facility  |d Remote Storage  |t 0  |e E173 .C55 v. 29  |h Library of Congress classification  |i unmediated -- volume  |m A14802159810 
998 f f |a E173 .C55 v. 29  |t 0  |l Remote Storage